LEADER 01361nam a2200265 i 4500 001 000000183755 003 CaOOAMICUS 005 20250212100306.0 008 091126s1946 it u000 u ita u 040 $aSeMil$bita 100 1 $aGrabmann, Martin,$d<1875-1949>.$0(OLS)http://semarc/name/6963 245 10$aGuglielmo di Moerbeke o.p. il traduttore delle opere di Aristotele /$cdi Martino Grabmann. 264 1$aRoma :$bPontificia Università Gregoriana,$c1946. 300 $aXI, 193 p. ;$c25 cm. 490 1 $aMiscellanea Historiae Pontificiae ;$v11 500 $aIn mezzo al front.: Collectionis totius n. 20 600 04$aGuglielmo : di Moerbeke .$0(OLS)http://semarc/subject/34729 650 4$aAristotelismo - Medioevo.$0(OLS)http://semarc/subject/48851 773 0 $tPapi del Duecento e l'aristotelismo.$dRoma : SALER : Pontificia Università Gregoriana, 1941-1946.$g2$w()22371 830 0$aMiscellanea Historiae Pontificiae ;$v11.$0(OLS)http://semarc/title/24 850 $aSeMil 852 $aSeMil$W1$xVenegono$y1$m3TA M 11$j254443$B134455$CSeMilBibl$Z2$F146065 $81 996 $6245$aGuglielmo di Moerbeke o.p. il traduttore delle opere di Aristotele$9(OLS)http://semarc/title/263709 996 $6264$aRoma :$bPontificia Università Gregoriana$9(OLS)http://semarc/publisher/29750 LEADER 01136nam a2200253 i 4500 001 000000053576 003 CaOOAMICUS 005 20130801000000.0 008 130801s2005 it u000 u ita u 013 $a24748 020 $a88-8311-354-3 040 $aSeMil$bita 100 1 $aReinhold, Karl Leonhard,$d<1758-1823>.$0(OLS)http://semarc/name/26467 245 10$aLettere sulla filosofia kantiana /$cKarl Leonhard Reinhold ; traduzione, introduzione e note di Paolo Grillenzoni. 260 $aMilano :$bI.S.U. Università Cattolica,$c2005. 300 $a305 p. ;$c24 cm. 650 4$aKant, Immanuel <1724-1804> - Pensiero filosofico.$0(OLS)http://semarc/subject/11016 700 1 $aGrillenzoni, Paolo <1951->.$0(OLS)http://semarc/name/5146 850 $aSeMil 852 $aSeMil$W1$xVenegono$y1$m2P VI 34$j19730$B19730$CSeMilBibl$Z2$F19732 $81 961 $aOmaggio: Conti don Ermenegildo 996 $6020$a88-8311-354-3$9(OLS)http://semarc/number/28331 996 $6245$aLettere sulla filosofia kantiana$9(OLS)http://semarc/title/82568 996 $6260$aMilano :$bI.S.U. Università Cattolica$9(OLS)http://semarc/publisher/34067